[Event "20th EUR-ch"]
[Site "Skopje MKD"]
[Date "2019.03.21"]
[Round "4"]
[White "Gebigke, Martin"]
[Black "Gerguri, Arsim"]
[Result "1-0"]
[WhiteElo "2078"]
[BlackElo "1956"]
[EventDate "2019.03.18"]
[Board "173"]
[PlyCount "80"]

1.d4 d5 2.c4 e6 3.Nf3 a6 4.e3 Nf6 5.a3 dxc4 6.Bxc4 c5 7.O-O Nc6 8.dxc5 
Qxd1 9.Rxd1 Bxc5 10.b4 Be7 11.Bb2 b5 12.Be2 Bb7 13.Nbd2 O-O 14.Rac1 Rfd8 
15.Rc2 Rac8 16.Rdc1 Nd5 17.Ne4 Nb8 18.Nc5 Bxc5 19.bxc5 b4 20.Ne5 f6 21.c6 
bxa3 22.Bxa3 Ba8 23.Bg4 fxe5 24.Bxe6+ Kh8 25.Bxc8 Rxc8 26.c7 Nd7 27.e4 
N5f6 28.f3 Kg8 29.Rd1 Kf7 30.Bb4 Bb7 31.Ba5 Re8 32.Rb2 Ba8 33.Rd6 Rc8 34.
Rxa6 Ne8 35.Rd2 Nef6 36.Rc2 Bb7 37.Ra7 Ba8 38.Rxa8 Rxa8 39.c8=Q Rxc8 40.
Rxc8 Ke7 1-0

[Event "20th EUR-ch"]
[Site "Skopje MKD"]
[Date "2019.03.21"]
[Round "4"]
[White "Bajrami, Zejno"]
[Black "Pantovic, Dragan M"]
[Result "0-1"]
[WhiteElo "1938"]
[BlackElo "2063"]
[EventDate "2019.03.18"]
[Board "174"]
[PlyCount "59"]

1.e4 e5 2.Nf3 Nc6 3.Bc4 Nf6 4.d3 Be7 5.O-O O-O 6.c3 d6 7.Re1 Na5 8.Nbd2 a6
9.a4 Nxc4 10.Nxc4 h6 11.Ne3 Re8 12.Nf1 Bf8 13.Ng3 d5 14.exd5 Qxd5 15.c4 
Qd6 16.b3 Bg4 17.Bb2 Rad8 18.h3 Bxf3 19.Qxf3 Qxd3 20.Re3 Qc2 21.Bxe5 Nd7 
22.Bxc7 Rxe3 23.Qxe3 Rc8 24.Ba5 Nc5 25.Re1 Nxb3 26.Bb6 Qxc4 27.Rb1 Nc5 28.
Qf3 Qc2 29.Re1 Qb2 30.Qxb7 0-1

[Event "20th EUR-ch"]
[Site "Skopje MKD"]
[Date "2019.03.21"]
[Round "4"]
[White "Markovski, Velo"]
[Black "Veljanoski, Andrej"]
[Result "0-1"]
[WhiteElo "1935"]
[BlackElo "2063"]
[EventDate "2019.03.18"]
[Board "175"]
[PlyCount "80"]

1.e4 e5 2.Nf3 Nc6 3.d4 exd4 4.c3 d5 5.exd5 Qxd5 6.cxd4 Bg4 7.Be2 Bb4+ 8.
Nc3 Bxf3 9.Bxf3 Qc4 10.d5 O-O-O 11.Qb3 Re8+ 12.Be3 Na5 13.Qc2 Nf6 14.Be2 
Bxc3+ 15.bxc3 Rxe3 16.fxe3 Qh4+ 17.g3 Qg5 18.O-O Qxe3+ 19.Kg2 Rd8 20.c4 h6
21.Rae1 Qc5 22.Rb1 a6 23.Bd3 Kb8 24.Rbe1 c6 25.dxc6 Nxc6 26.Qe2 Nb4 27.Bf5
Nc6 28.g4 Rd4 29.h3 Rxc4 30.Rf2 Ka8 31.Qe3 Qd5+ 32.Qf3 Qc5 33.Rb1 Rc3 34.
Bd3 Qe7 35.Qe2 Qd6 36.Bxa6 Qg3+ 37.Kh1 b5 38.Bxb5 Nd4 39.Qf1 Qh4 40.Bd7 
Rxh3+ 0-1

[Event "20th EUR-ch"]
[Site "Skopje MKD"]
[Date "2019.03.21"]
[Round "4"]
[White "Hart, Alexander"]
[Black "Trisha, Kanyamarala"]
[Result "1-0"]
[WhiteElo "1885"]
[BlackElo "2061"]
[EventDate "2019.03.18"]
[Board "176"]
[PlyCount "145"]

1.Nf3 d5 2.g3 Nf6 3.Bg2 e6 4.O-O c5 5.c4 d4 6.d3 Nc6 7.Na3 Be7 8.Nc2 O-O 
9.a3 a5 10.b3 e5 11.Bd2 Be6 12.Rb1 Qc7 13.b4 h6 14.b5 Nd8 15.Nfe1 Nd7 16.
e4 f5 17.exf5 Bxf5 18.Be4 Be6 19.Ng2 Nf6 20.Bg6 Nf7 21.f4 Bd6 22.f5 Bd7 
23.Nce1 b6 24.Nf3 Bc8 25.Qc2 Bb7 26.Rbe1 Rae8 27.Bxf7+ Rxf7 28.Re4 Qd7 29.
Ngh4 Bxe4 30.dxe4 d3 31.Qxd3 Bc7 32.Qe3 Rd8 33.Bc3 Qd3 34.Qxd3 Rxd3 35.
Bxe5 Nxe4 36.Bxc7 Rxc7 37.Re1 Nf6 38.Ne5 Rd4 39.Nhg6 Rd8 40.a4 Re8 41.Rd1 
Ne4 42.Rd3 Ng5 43.Nd7 Rb7 44.Nge5 Re7 45.f6 Re8 46.h4 Nf7 47.Nc6 g6 48.Kf2
h5 49.Rd5 Kh7 50.Kf3 Kh6 51.Kf4 Re1 52.Ne7 Rf1+ 53.Ke3 g5 54.Ke2 Rxd7 55.
Kxf1 Rc7 56.Kf2 Rb7 57.Kf3 Rb8 58.Ke4 Rf8 59.Kf5 gxh4 60.gxh4 Nh8 61.Rd6 
Nf7 62.Rxb6 Rd8 63.Ke6 Nh8 64.Rc6 Rd1 65.Rxc5 Ra1 66.Ng8+ Kh7 67.Rg5 Ng6 
68.Kf7 Nh8+ 69.Ke8 Re1+ 70.Ne7 Kh6 71.f7 Nxf7 72.Kxf7 Rf1+ 73.Nf5+ 1-0

[Event "20th EUR-ch"]
[Site "Skopje MKD"]
[Date "2019.03.21"]
[Round "4"]
[White "Bejatovic, Bojana"]
[Black "Taleski, Vaso"]
[Result "1/2-1/2"]
[WhiteElo "2058"]
[BlackElo "1677"]
[EventDate "2019.03.18"]
[Board "177"]
[PlyCount "148"]

1.e4 c5 2.d3 d6 3.g3 g6 4.Bg2 Nc6 5.f4 Bg7 6.c3 Nf6 7.Nf3 Qc7 8.O-O Bg4 9.
Nbd2 Qc8 10.Qb3 O-O 11.Re1 Be6 12.Qa4 a6 13.d4 b5 14.Qd1 cxd4 15.cxd4 Bg4 
16.Nb3 a5 17.a4 Nb4 18.Re3 Qc2 19.Qf1 bxa4 20.Rxa4 Rfc8 21.Ne1 Qc6 22.Ra1 
a4 23.Nd2 Nd7 24.e5 d5 25.Rc3 Qb6 26.Nef3 Nc6 27.Qf2 Qb4 28.Ng5 Nb6 29.h3 
Bd7 30.Ngf3 Na5 31.Rxc8+ Rxc8 32.Nf1 Nb3 33.Bd2 Qb5 34.Ra2 Qd3 35.Bc3 Qb1 
36.Ra3 Nc4 37.Rxb3 axb3 38.Kh2 Qc2 39.N3d2 Nxb2 40.Bxb2 Qxb2 41.Bxd5 Be6 
42.Qg2 Rc2 43.Be4 Rc1 44.d5 Bf5 45.Bxf5 gxf5 46.d6 exd6 47.exd6 Bf6 48.g4 
Rc8 49.gxf5+ Kf8 50.Qb7 Rd8 51.Qxb3 Qxb3 52.Nxb3 Rxd6 53.Ng3 Rc6 54.Ne4 
Bh4 55.Kg2 Rb6 56.Nbc5 Rb2+ 57.Kf3 Be7 58.Nd7+ Kg8 59.f6 Bd8 60.Ne5 Rb6 
61.Nd7 Rb3+ 62.Kg4 Re3 63.Ng3 Rd3 64.Ne5 Rd6 65.Ne4 Rb6 66.Kf5 h6 67.Ng4 
Kh7 68.Ne5 Kg8 69.Ng4 Rb5+ 70.Ne5 Bc7 71.Nf2 Kh7 72.Nd3 Bd8 73.Nf2 Kg8 74.
Ng4 Kh7 1/2-1/2

[Event "20th EUR-ch"]
[Site "Skopje MKD"]
[Date "2019.03.21"]
[Round "4"]
[White "Petrovic, Lazar"]
[Black "Krstev, Emil"]
[Result "0-1"]
[WhiteElo "1690"]
[BlackElo "2050"]
[EventDate "2019.03.18"]
[Board "178"]
[PlyCount "103"]

1.d4 Nf6 2.Nf3 g6 3.Bf4 Bg7 4.Nbd2 Nh5 5.Be3 d5 6.c3 b6 7.Ne5 f5 8.Qa4+ c6
9.f3 f4 10.Bf2 b5 11.Qb3 Bb7 12.e4 e6 13.a4 a6 14.axb5 axb5 15.Rxa8 Bxa8 
16.Be2 Nd7 17.Nd3 Qc7 18.O-O O-O 19.Ra1 Bf6 20.Qa3 Nb6 21.e5 Be7 22.Qa7 
Bb7 23.Qa2 Ng7 24.Nb3 Na4 25.Qb1 g5 26.Kf1 Bc8 27.Qc2 Bd7 28.Nbc1 Be8 29.
b3 Nb6 30.Na2 Bg6 31.Nab4 h5 32.h3 Nf5 33.Qb2 Ng3+ 34.Ke1 Bf5 35.Na6 Qd8 
36.Ndc5 Nxe2 37.Kxe2 g4 38.hxg4 hxg4 39.Nd3 Bg5 40.Ndb4 Qe8 41.Rh1 Kg7 42.
Qc1 Qg6 43.Nc5 Ra8 44.Qb2 g3 45.Be1 Rh8 46.Rg1 Rh2 47.Kd1 Bh3 48.Qa1 Bxg2 
49.Qa7+ Kh8 50.Qxb6 Qb1+ 51.Ke2 Bf1+ 52.Kxf1 0-1

[Event "20th EUR-ch"]
[Site "Skopje MKD"]
[Date "2019.03.22"]
[Round "5"]
[White "Erdos, Viktor"]
[Black "Cheparinov, Ivan"]
[Result "1/2-1/2"]
[WhiteElo "2612"]
[BlackElo "2683"]
[EventDate "2019.03.18"]
[Board "2"]
[PlyCount "41"]

1.Nf3 d5 2.d4 Nf6 3.c4 e6 4.Nc3 Bb4 5.Bg5 h6 6.Bxf6 Qxf6 7.e3 O-O 8.Rc1 
dxc4 9.Bxc4 c5 10.O-O cxd4 11.Ne4 Qe7 12.Nxd4 Bd7 13.Be2 Nc6 14.a3 Nxd4 
15.Qxd4 Ba5 16.Qc5 Bd8 17.Qxe7 Bxe7 18.Rc7 Rfd8 19.Rxb7 Rab8 20.Rxb8 Rxb8 
21.b4 1/2-1/2

[Event "20th EUR-ch"]
[Site "Skopje MKD"]
[Date "2019.03.22"]
[Round "5"]
[White "Deac, Bogdan-Daniel"]
[Black "Rodshtein, Maxim"]
[Result "0-1"]
[WhiteElo "2609"]
[BlackElo "2673"]
[EventDate "2019.03.18"]
[Board "3"]
[PlyCount "104"]

1.e4 c5 2.Nf3 d6 3.d4 cxd4 4.Nxd4 Nf6 5.Nc3 a6 6.h4 e5 7.Nb3 Be7 8.Bg5 Be6
9.Bxf6 Bxf6 10.g3 Be7 11.Qd2 Nd7 12.O-O-O Nf6 13.f4 b5 14.Bh3 O-O 15.fxe5 
dxe5 16.Qxd8 Raxd8 17.Rxd8 Rxd8 18.Bxe6 fxe6 19.a3 Rc8 20.Kd2 a5 21.Kd3 
Rd8+ 22.Ke3 a4 23.Nc1 Bc5+ 24.Ke2 Bd4 25.N1a2 Nh5 26.Rh3 Rf8 27.Nd1 Nf6 
28.Nac3 Rb8 29.Kd3 Nd7 30.Ke2 Nf6 31.Kd3 Kf7 32.h5 g5 33.hxg6+ Kxg6 34.Rh1
h5 35.Rf1 Nd7 36.Ke2 Nc5 37.Rf3 Bxc3 38.Nxc3 b4 39.Nd1 Nxe4 40.Re3 Kf5 41.
Rf3+ Kg4 42.Ne3+ Kg5 43.Nc4 bxa3 44.Rxa3 Rb4 45.Nxe5 Rxb2 46.Kd3 Rb4 47.
Nf3+ Kf6 48.Nd4 e5 49.c3 Nc5+ 50.Kc2 Rb6 51.Ne2 Kf5 52.c4 Rb3 0-1

[Event "20th EUR-ch"]
[Site "Skopje MKD"]
[Date "2019.03.22"]
[Round "5"]
[White "Berkes, Ferenc"]
[Black "Pantsulaia, Levan"]
[Result "1-0"]
[WhiteElo "2666"]
[BlackElo "2611"]
[EventDate "2019.03.18"]
[Board "4"]
[PlyCount "137"]

1.d4 Nf6 2.Nf3 g6 3.Bg5 Bg7 4.Nbd2 h6 5.Bh4 d6 6.e4 g5 7.Bg3 Nh5 8.c3 Nd7 
9.Nc4 O-O 10.Ne3 e6 11.Nd2 Nxg3 12.hxg3 f5 13.Bd3 Nb6 14.Qe2 d5 15.exf5 
exf5 16.O-O-O Qd6 17.f4 Bd7 18.fxg5 Rae8 19.Rde1 f4 20.gxf4 Qxf4 21.Bc2 
Qxg5 22.Qd3 Rf7 23.Nf3 Qf4 24.Rh4 Qg3 25.Reh1 Kf8 26.Kb1 a6 27.b3 Bb5 28.
Qd2 Bd7 29.a4 c6 30.Rh5 Nc8 31.Nf5 Bxf5 32.Bxf5 Ne7 33.Bc2 Ng8 34.Nh4 Ne7 
35.Nf3 Ng8 36.Nh4 Ne7 37.Re1 Rf2 38.Qe3 Qxe3 39.Rxe3 b5 40.axb5 axb5 41.b4
Rd8 42.Rf3+ Rxf3 43.Nxf3 Rd6 44.Kc1 Nc8 45.Kd2 Nb6 46.Bd3 Bf6 47.Rh1 Re6 
48.Ra1 Na4 49.Bf5 Re7 50.Rh1 Kg7 51.Re1 Kf7 52.Ne5+ Kg7 53.Re2 c5 54.bxc5 
Nxc5 55.Bd3 h5 56.dxc5 Rxe5 57.c6 Rxe2+ 58.Bxe2 Bd8 59.Bxh5 Ba5 60.Kd3 Kf6
61.Kd4 Ke7 62.Kc5 Kd8 63.Kxb5 Bxc3 64.Kb6 Bd4+ 65.Kb7 Be5 66.Be2 Bg3 67.
Bd3 Bf4 68.g4 d4 69.g5 1-0

[Event "20th EUR-ch"]
[Site "Skopje MKD"]
[Date "2019.03.22"]
[Round "5"]
[White "Azarov, Sergei"]
[Black "Gelfand, Boris"]
[Result "1/2-1/2"]
[WhiteElo "2585"]
[BlackElo "2655"]
[EventDate "2019.03.18"]
[Board "5"]
[PlyCount "75"]

1.e4 c5 2.Nf3 Nc6 3.d4 cxd4 4.Nxd4 Nf6 5.Nc3 e5 6.Ndb5 d6 7.Nd5 Nxd5 8.
exd5 Nb8 9.a4 Be7 10.Be2 O-O 11.O-O Nd7 12.Bd2 a6 13.Na3 a5 14.f4 exf4 15.
Bxf4 Nc5 16.Nb5 Ne4 17.Ra3 Bd7 18.Kh1 Bxb5 19.Bxb5 f5 20.Raf3 Bf6 21.c3 
Qe7 22.g4 Be5 23.Bxe5 dxe5 24.Bd3 Qc5 25.Bxe4 fxe4 26.Rxf8+ Rxf8 27.Rxf8+ 
Kxf8 28.Kg2 Qe3 29.Qf1+ Ke7 30.Qf2 Qf4 31.Qxf4 exf4 32.c4 Kd6 33.Kf2 Ke5 
34.Ke2 h6 35.Kf2 g6 36.Ke2 h5 37.gxh5 gxh5 38.Kf2 1/2-1/2

[Event "20th EUR-ch"]
[Site "Skopje MKD"]
[Date "2019.03.22"]
[Round "5"]
[White "Alexeenko, Kirill"]
[Black "Svane, Rasmus"]
[Result "1-0"]
[WhiteElo "2644"]
[BlackElo "2610"]
[EventDate "2019.03.18"]
[Board "6"]
[PlyCount "81"]

1.e4 e5 2.Nf3 Nc6 3.Bc4 Bc5 4.c3 Nf6 5.d3 d6 6.O-O h6 7.Nbd2 O-O 8.Re1 a5 
9.Nf1 Be6 10.Bb5 Ne7 11.d4 exd4 12.cxd4 Bb6 13.Ng3 d5 14.e5 Ne4 15.Nxe4 
dxe4 16.Rxe4 c5 17.Be3 Qd5 18.Bd3 Bf5 19.Rh4 cxd4 20.Bxh6 Bxd3 21.Qxd3 Ng6
22.Bxg7 Kxg7 23.Rg4 Rh8 24.h4 Rh5 25.Re1 Qe6 26.Ree4 Rc8 27.g3 Rf5 28.Kg2 
Rc1 29.Ng5 Qc6 30.e6 Ne5 31.Nf3+ Nxg4 32.Rxg4+ Kf6 33.exf7 Bc5 34.Rg8 
Qxf3+ 35.Qxf3 Rxf3 36.f8=Q+ Bxf8 37.Rxf8+ Ke5 38.Kxf3 Rc2 39.h5 Rc6 40.g4 
Rd6 41.Rf5+ 1-0

[Event "20th EUR-ch"]
[Site "Skopje MKD"]
[Date "2019.03.22"]
[Round "5"]
[White "Alexandrov, Alexei"]
[Black "Zviagintsev, Vadim"]
[Result "1/2-1/2"]
[WhiteElo "2574"]
[BlackElo "2642"]
[EventDate "2019.03.18"]
[Board "7"]
[PlyCount "27"]

1.d4 d5 2.c4 dxc4 3.Nf3 Nf6 4.e3 e6 5.Bxc4 c5 6.O-O a6 7.dxc5 Qxd1 8.Rxd1 
Bxc5 9.b3 Nbd7 10.Be2 b6 11.Bb2 Bb7 12.Nbd2 O-O 13.Rac1 Rfd8 14.a3 1/2-1/2

[Event "20th EUR-ch"]
[Site "Skopje MKD"]
[Date "2019.03.22"]
[Round "5"]
[White "Baron, Tal"]
[Black "Piorun, Kacper"]
[Result "0-1"]
[WhiteElo "2506"]
[BlackElo "2631"]
[EventDate "2019.03.18"]
[Board "8"]
[PlyCount "46"]

1.d4 f5 2.Bf4 Nf6 3.e3 g6 4.h4 h6 5.Nc3 d6 6.Qf3 Bg7 7.Qg3 Kf7 8.O-O-O Nc6
9.Be2 e6 10.Bf3 Qe7 11.Nge2 e5 12.Nd5 Nxd5 13.Bxd5+ Kf8 14.dxe5 dxe5 15.e4
exf4 16.Nxf4 Ne5 17.Bb3 c6 18.Rhe1 g5 19.exf5 gxf4 20.Qxf4 h5 21.Kb1 a5 
22.a4 Qf6 23.Qd4 Bxf5 0-1

[Event "20th EUR-ch"]
[Site "Skopje MKD"]
[Date "2019.03.22"]
[Round "5"]
[White "Gledura, Benjamin"]
[Black "Bartel, Mateusz"]
[Result "1/2-1/2"]
[WhiteElo "2630"]
[BlackElo "2600"]
[EventDate "2019.03.18"]
[Board "9"]
[PlyCount "49"]

1.Nf3 d5 2.g3 g6 3.Bg2 Bg7 4.d4 c6 5.O-O Nf6 6.c3 O-O 7.Nbd2 Bf5 8.a4 Qc8 
9.Re1 a5 10.Nh4 Bh3 11.e4 Bxg2 12.Nxg2 Nxe4 13.Nxe4 dxe4 14.Rxe4 e6 15.Nf4
Nd7 16.Nd3 c5 17.dxc5 Nxc5 18.Nxc5 Qxc5 19.Qb3 Rfd8 20.Be3 Qc6 21.Rc4 Qf3 
22.Rf4 Qc6 23.Rc4 Qf3 24.Rf4 Qc6 25.Rc4 1/2-1/2

[Event "20th EUR-ch"]
[Site "Skopje MKD"]
[Date "2019.03.22"]
[Round "5"]
[White "Donchenko, Alexander"]
[Black "Grandelius, Nils"]
[Result "0-1"]
[WhiteElo "2593"]
[BlackElo "2694"]
[EventDate "2019.03.18"]
[Board "14"]
[PlyCount "68"]

1.c4 c5 2.g3 g6 3.Bg2 Bg7 4.Nc3 Nc6 5.Nf3 e5 6.O-O d6 7.a3 Nge7 8.b4 O-O 
9.Rb1 f5 10.Ne1 Rb8 11.Nc2 f4 12.e3 Be6 13.Nd5 Qd7 14.b5 Nd8 15.exf4 exf4 
16.d4 fxg3 17.hxg3 Nxd5 18.cxd5 Bg4 19.Qd2 Nf7 20.dxc5 dxc5 21.Ne3 Bh3 22.
Bxh3 Qxh3 23.Nc4 Bd4 24.Rb3 Rbd8 25.d6 Nxd6 26.Nxd6 Rxd6 27.Qe2 Rd5 28.Rf3
Rxf3 29.Qxf3 Qf5 30.Qb3 Qe4 31.Bh6 Kh8 32.Be3 Rh5 33.Bxd4+ cxd4 34.f3 Qe2 
0-1

[Event "20th EUR-ch"]
[Site "Skopje MKD"]
[Date "2019.03.22"]
[Round "5"]
[White "Ter-Sahakian, Samvel"]
[Black "Ponomariov, Ruslan"]
[Result "1/2-1/2"]
[WhiteElo "2590"]
[BlackElo "2667"]
[EventDate "2019.03.18"]
[Board "15"]
[PlyCount "62"]

1.e4 c6 2.d4 d5 3.e5 c5 4.dxc5 e6 5.Be3 Nd7 6.Nf3 Bxc5 7.Bxc5 Nxc5 8.Qd4 
Qb6 9.a4 Ne7 10.a5 Qc7 11.Qc3 Bd7 12.b4 Na6 13.Qb2 O-O 14.Bd3 Ng6 15.O-O 
Nf4 16.Ra3 Rfc8 17.Rc3 Qd8 18.Na3 Qe7 19.Bxa6 bxa6 20.Re3 Rab8 21.c3 d4 
22.Nxd4 Qg5 23.g3 Nd5 24.f4 Qd8 25.Rd3 Qxa5 26.bxa5 Rxb2 27.Rb1 Rxb1+ 28.
Nxb1 h5 29.Kf2 Bb5 30.Rd2 Nxc3 31.Nxc3 Rxc3 1/2-1/2

[Event "20th EUR-ch"]
[Site "Skopje MKD"]
[Date "2019.03.22"]
[Round "5"]
[White "Dreev, Alexei"]
[Black "Can, Emre"]
[Result "1/2-1/2"]
[WhiteElo "2662"]
[BlackElo "2586"]
[EventDate "2019.03.18"]
[Board "16"]
[PlyCount "55"]

1.d4 Nf6 2.Nf3 d5 3.c4 e6 4.Nc3 Bb4 5.Qa4+ Nc6 6.e3 O-O 7.Qc2 dxc4 8.Bxc4 
e5 9.dxe5 Ng4 10.a3 Ngxe5 11.Nxe5 Nxe5 12.axb4 Nxc4 13.O-O Be6 14.b5 Nb6 
15.e4 Qe7 16.Bf4 Rfd8 17.h3 Bc4 18.Rfd1 Rxd1+ 19.Rxd1 Rd8 20.Rd2 h6 21.Qd1
Rxd2 22.Qxd2 a6 23.bxa6 Bxa6 24.b3 c6 25.Qd4 Nd7 26.b4 c5 27.bxc5 Qxc5 28.
Qxd7 1/2-1/2

[Event "20th EUR-ch"]
[Site "Skopje MKD"]
[Date "2019.03.22"]
[Round "5"]
[White "Huzman, Alexander"]
[Black "Melkumian, Hrant"]
[Result "1/2-1/2"]
[WhiteElo "2582"]
[BlackElo "2661"]
[EventDate "2019.03.18"]
[Board "17"]
[PlyCount "75"]

1.Nf3 d5 2.d4 Bf5 3.c4 e6 4.Nc3 Nf6 5.e3 a6 6.Bd3 dxc4 7.Bxf5 exf5 8.Ne5 
Nbd7 9.Nxc4 b5 10.Nd2 b4 11.Ne2 Be7 12.b3 O-O 13.Bb2 Nb6 14.Qc2 Qd7 15.O-O
a5 16.a4 Nfd5 17.Nc1 Bd6 18.Nd3 Qe6 19.Rfe1 Rfe8 20.Nf1 Qh6 21.Nc5 Qg5 22.
Kh1 Nf6 23.f3 Nbd5 24.Qf2 Rab8 25.Rac1 Qh6 26.Nd3 Re6 27.Ne5 Rbe8 28.Nc4 
g5 29.Ne5 Nc3 30.Bxc3 bxc3 31.Qc2 Nd5 32.Qxf5 Bxe5 33.dxe5 Rxe5 34.Qd3 Qb6
35.e4 Qxb3 36.Red1 Nf4 37.Qxc3 Qxa4 38.Qxc7 1/2-1/2

[Event "20th EUR-ch"]
[Site "Skopje MKD"]
[Date "2019.03.22"]
[Round "5"]
[White "Santos Latasa, Jaime"]
[Black "Kovalenko, Igor"]
[Result "0-1"]
[WhiteElo "2582"]
[BlackElo "2658"]
[EventDate "2019.03.18"]
[Board "18"]
[PlyCount "92"]

1.d4 Nf6 2.c4 e6 3.Nc3 Bb4 4.Qc2 d6 5.Bg5 h6 6.Bh4 c5 7.dxc5 dxc5 8.e3 Nc6
9.a3 Bxc3+ 10.Qxc3 e5 11.Bd3 Qa5 12.Ne2 Be6 13.b3 O-O-O 14.Bc2 Qxc3+ 15.
Nxc3 g5 16.Bg3 Nh5 17.Be4 Na5 18.Rb1 f6 19.f3 f5 20.Bd5 Rhe8 21.Ke2 f4 22.
Bxe6+ Rxe6 23.Bf2 Rb6 24.g4 fxe3 25.Bxe3 Nf4+ 26.Bxf4 exf4 27.h4 Nxb3 28.
Ne4 gxh4 29.Kf2 Rd3 30.Rxh4 Rg6 31.Rh3 b6 32.Re1 Nd4 33.Kg2 Kb7 34.a4 Nc2 
35.Reh1 Ne3+ 36.Kf2 Nxc4 37.Rxh6 Rxh6 38.Rxh6 Ne5 39.Rf6 Rxf3+ 40.Kg2 Rd3 
41.Rxf4 c4 42.g5 Rd4 43.Rh4 Ka6 44.Kf2 c3 45.Ke3 c2 46.Kxd4 Nc6+ 0-1

[Event "20th EUR-ch"]
[Site "Skopje MKD"]
[Date "2019.03.22"]
[Round "5"]
[White "Yuffa, Daniil"]
[Black "Fressinet, Laurent"]
[Result "1/2-1/2"]
[WhiteElo "2582"]
[BlackElo "2652"]
[EventDate "2019.03.18"]
[Board "19"]
[PlyCount "110"]

1.d4 Nf6 2.c4 e6 3.g3 Bb4+ 4.Bd2 Be7 5.Bg2 d5 6.Nf3 O-O 7.O-O Nbd7 8.Qb3 
a5 9.Bf4 a4 10.Qc2 dxc4 11.Qxc4 Nd5 12.a3 c5 13.Nc3 b5 14.Qd3 Nxf4 15.gxf4
Ba6 16.Qc2 Qc7 17.Ng5 Bxg5 18.fxg5 Bb7 19.d5 exd5 20.Nxd5 Bxd5 21.Bxd5 
Rad8 22.Rad1 Nb6 23.Bg2 Nc4 24.Rd5 Rxd5 25.Bxd5 Qf4 26.Bxc4 bxc4 27.Kh1 g6
28.f3 Re8 29.Rg1 Qe5 30.Rg4 Qe3 31.Kg2 Qxe2+ 32.Qxe2 Rxe2+ 33.Kg3 Rc2 34.
Re4 f6 35.h4 Kf7 36.Kf4 f5 37.Re5 c3 38.bxc3 Rxc3 39.h5 Rc4+ 40.Kg3 gxh5 
41.Rxf5+ Kg6 42.Rd5 h4+ 43.Kh3 Kh5 44.Rf5 Rc3 45.Kg2 c4 46.Rc5 Rc2+ 47.Kh3
Rf2 48.g6+ Kxg6 49.Kg4 h3 50.Rc6+ Kf7 51.Rxc4 h2 52.Rc7+ Kg6 53.Rc6+ Kg7 
54.Rc7+ Kf6 55.Rxh7 Rg2+ 1/2-1/2

[Event "20th EUR-ch"]
[Site "Skopje MKD"]
[Date "2019.03.22"]
[Round "5"]
[White "Moiseenko, Olexandr"]
[Black "Hracek, Zbynek"]
[Result "0-1"]
[WhiteElo "2648"]
[BlackElo "2578"]
[EventDate "2019.03.18"]
[Board "20"]
[PlyCount "56"]

1.d4 e6 2.c4 Nf6 3.Nc3 Bb4 4.Nf3 d5 5.cxd5 exd5 6.Bg5 h6 7.Bh4 O-O 8.e3 
Bf5 9.Qb3 Bxc3+ 10.bxc3 Nbd7 11.Be2 c5 12.O-O c4 13.Qxb7 Qb6 14.Qxb6 axb6 
15.Bxf6 Nxf6 16.a4 Ra6 17.Ne5 Rfa8 18.f3 Rxa4 19.Rxa4 Rxa4 20.e4 Be6 21.
Rb1 dxe4 22.Rxb6 Ra1+ 23.Bf1 e3 24.Rb2 Bf5 25.Nxc4 Nd5 26.Ne5 f6 27.g4 
fxe5 28.gxf5 Nf4 0-1

[Event "20th EUR-ch"]
[Site "Skopje MKD"]
[Date "2019.03.22"]
[Round "5"]
[White "Anton Guijarro, David"]
[Black "Paichadze, Luka"]
[Result "1-0"]
[WhiteElo "2643"]
[BlackElo "2576"]
[EventDate "2019.03.18"]
[Board "21"]
[PlyCount "123"]

1.e4 c6 2.d4 d5 3.e5 Bf5 4.Nd2 e6 5.Nb3 Ne7 6.Nf3 Nc8 7.Be2 Be7 8.O-O O-O 
9.Ne1 Nd7 10.Bd3 Bg6 11.Bxg6 hxg6 12.Qg4 c5 13.Nf3 Qc7 14.c3 cxd4 15.cxd4 
Qc2 16.Bg5 Qf5 17.Qg3 f6 18.Be3 g5 19.h3 Ncb6 20.Na5 Na4 21.exf6 Nxf6 22.
Qxg5 Nxb2 23.Rab1 Ba3 24.Qxf5 exf5 25.Bc1 b6 26.Bxb2 Bxb2 27.Rxb2 bxa5 28.
Rb5 a4 29.Ra5 Rfc8 30.Rxa4 a5 31.Nh4 f4 32.Ng6 Rc3 33.Nxf4 g5 34.Ne6 Ne4 
35.Kh2 Ra7 36.Rb1 g4 37.Nf4 Rc2 38.Rb8+ Kh7 39.hxg4 Nxf2 40.Ra3 Nxg4+ 41.
Kg3 Nf6 42.Kf3 Rac7 43.Rb6 Rf7 44.Rb5 Nh5 45.g3 Rc1 46.Rxd5 Rf1+ 47.Ke2 
Nxf4+ 48.gxf4 R7xf4 49.Raxa5 R4f3 50.Rd7+ Kg6 51.Ra6+ Kg5 52.Rg7+ Kh5 53.
Rg2 Rf8 54.Ra7 Kh6 55.Ra3 Rh1 56.d5 Rh5 57.Rd3 Rb8 58.d6 Rb2+ 59.Kf3 Rh3+ 
60.Rg3 Rhh2 61.d7 Rhf2+ 62.Ke4 1-0

[Event "20th EUR-ch"]
[Site "Skopje MKD"]
[Date "2019.03.22"]
[Round "5"]
[White "Alexeev, Evgeny"]
[Black "Rozum, Ivan"]
[Result "1/2-1/2"]
[WhiteElo "2640"]
[BlackElo "2573"]
[EventDate "2019.03.18"]
[Board "22"]
[PlyCount "68"]

1.d4 Nf6 2.c4 e6 3.Nf3 Bb4+ 4.Nbd2 O-O 5.e3 b6 6.Bd3 d5 7.O-O Bb7 8.a3 Be7
9.cxd5 exd5 10.b4 Nbd7 11.Bb2 c5 12.dxc5 bxc5 13.bxc5 Nxc5 14.Nb3 Nxd3 15.
Qxd3 Qb6 16.Rfb1 Ba6 17.Qd1 Bc4 18.Nbd4 g6 19.Bc3 Qc7 20.Bb4 Ne4 21.Bxe7 
Qxe7 22.Rb2 Qd6 23.Nd2 Rab8 24.Rxb8 Rxb8 25.Nxe4 dxe4 26.Qa4 Qa6 27.Qxa6 
Bxa6 28.g4 Kg7 29.Kg2 Rc8 30.Kg3 Bd3 31.h4 h6 32.Kf4 Kf6 33.g5+ hxg5+ 34.
hxg5+ Kg7 1/2-1/2

[Event "20th EUR-ch"]
[Site "Skopje MKD"]
[Date "2019.03.22"]
[Round "5"]
[White "Maze, Sebastien"]
[Black "Yilmaz, Mustafa"]
[Result "1/2-1/2"]
[WhiteElo "2578"]
[BlackElo "2636"]
[EventDate "2019.03.18"]
[Board "23"]
[PlyCount "52"]

1.e4 c5 2.Nf3 d6 3.Nc3 Nf6 4.e5 dxe5 5.Nxe5 a6 6.g3 Qd6 7.Nf3 b5 8.Bg2 Bb7
9.O-O e6 10.d3 Be7 11.a4 Qb6 12.Ne5 Bxg2 13.Kxg2 Nbd7 14.Qf3 Rc8 15.Nxd7 
Nxd7 16.axb5 axb5 17.Re1 Nf6 18.Be3 O-O 19.Ra2 b4 20.Na4 Qb5 21.b3 Nd5 22.
Nb2 Bf6 23.Rea1 Qc6 24.Bc1 Nc3 25.Ra6 Qxf3+ 26.Kxf3 Nb5 1/2-1/2

[Event "20th EUR-ch"]
[Site "Skopje MKD"]
[Date "2019.03.22"]
[Round "5"]
[White "Lysyi, Igor"]
[Black "Moroni, Luca jr"]
[Result "1-0"]
[WhiteElo "2635"]
[BlackElo "2564"]
[EventDate "2019.03.18"]
[Board "24"]
[PlyCount "87"]

1.d4 d5 2.c4 e6 3.Nf3 a6 4.Bg5 Be7 5.Bxe7 Qxe7 6.Nbd2 Nf6 7.g3 O-O 8.Bg2 
b6 9.O-O Bb7 10.cxd5 Bxd5 11.Qc2 h6 12.Rac1 Rc8 13.e4 Bb7 14.e5 Nd5 15.Nc4
Nd7 16.Rfd1 Rab8 17.a3 Ba8 18.Nd6 Rd8 19.Ne4 c5 20.dxc5 bxc5 21.Rd2 Rb6 
22.Qc4 Rdb8 23.Qe2 Bc6 24.Nd6 Bb5 25.Qe1 Qd8 26.Nh4 Bc6 27.Nc4 Rb3 28.Nf5 
exf5 29.Bxd5 Bxd5 30.Rxd5 Qe8 31.Qd2 Nf8 32.Rxc5 Ne6 33.Nd6 Qd7 34.Rc8+ 
Kh7 35.Rxb8 Rxb8 36.h4 f4 37.gxf4 Qd8 38.f5 Qxh4 39.Rc4 Qg5+ 40.Qxg5 Nxg5 
41.f4 Nf3+ 42.Kf2 Nd2 43.Rc2 Nb3 44.Ke3 1-0

[Event "20th EUR-ch"]
[Site "Skopje MKD"]
[Date "2019.03.22"]
[Round "5"]
[White "Hovhannisian, Robert"]
[Black "Arutinian, David"]
[Result "1/2-1/2"]
[WhiteElo "2634"]
[BlackElo "2555"]
[EventDate "2019.03.18"]
[Board "25"]
[PlyCount "144"]

1.e4 c6 2.d4 d5 3.e5 Bf5 4.Be2 e6 5.Nf3 c5 6.Be3 cxd4 7.Nxd4 Ne7 8.Nd2 
Nbc6 9.N2f3 Be4 10.O-O Bxf3 11.Nxf3 Nf5 12.Bf4 h6 13.c3 g5 14.Bd2 Bg7 15.
Bd3 Qc7 16.Bxf5 exf5 17.Nd4 Bxe5 18.Nxc6 bxc6 19.f4 gxf4 20.Qh5 O-O-O 21.
Qxf5+ Kb7 22.Bxf4 f6 23.a4 Rde8 24.a5 Rh7 25.c4 dxc4 26.Bxe5 fxe5 27.Qe4 
Rd7 28.Qxc4 Qd6 29.Kh1 Qd5 30.Qe2 Ree7 31.a6+ Kc7 32.Rad1 Qb5 33.Qe3 Rd4 
34.Qxh6 Red7 35.Rde1 Qxa6 36.Qe3 e4 37.h4 Qd3 38.Rf4 Qxe3 39.Rxe3 Re7 40.
h5 Kd6 41.g4 Kd5 42.Kg2 Rb4 43.Re2 Ke5 44.Rf5+ Kd4 45.Rd2+ Ke3 46.Rff2 Rb3
47.Kg3 Rd3 48.Rde2+ Kd4+ 49.Kh4 Rd1 50.h6 e3 51.Rh2 Ke4 52.Reg2 Kf3 53.g5 
Rd4+ 54.Kh5 Rd5 55.Rc2 Kg3 56.Rhg2+ Kf3 57.b4 a5 58.bxa5 Rxa5 59.Rh2 Kg3 
60.Rcg2+ Kf3 61.Rg1 e2 62.Re1 Rae5 63.Kg6 R5e6+ 64.Kh5 Re5 65.Rexe2 Rxe2 
66.Rxe2 Rxe2 67.g6 Kf4 68.g7 Kf5 69.Kh4 Rh2+ 70.Kg3 Rxh6 71.g8=Q Rg6+ 72.
Qxg6+ Kxg6 1/2-1/2

[Event "20th EUR-ch"]
[Site "Skopje MKD"]
[Date "2019.03.22"]
[Round "5"]
[White "Buhmann, Rainer"]
[Black "Fridman, Daniel"]
[Result "1/2-1/2"]
[WhiteElo "2568"]
[BlackElo "2633"]
[EventDate "2019.03.18"]
[Board "26"]
[PlyCount "30"]

1.e4 e5 2.Nf3 Nf6 3.Nxe5 d6 4.Nd3 Nxe4 5.Qe2 Qe7 6.Nc3 Nf6 7.Nf4 c6 8.d4 
Qxe2+ 9.Bxe2 Bf5 10.Bd3 Bxd3 11.Nxd3 Nbd7 12.O-O Nb6 13.a4 Kd7 14.Re1 Be7 
15.f3 Nfd5 1/2-1/2